Logo made in the Philippines - Picture - Statistics

General Stats
  • This quiz has been taken 47 times
  • The average score is 9 of 11
Answer Stats
Picture Answer % Correct
Jollibee
97%
Gcash
92%
Globe
89%
Meralco
89%
ABS - CBN
86%
Petron
86%
Philippine Airline
81%
PLDT
75%
Cebu Pacific
69%
Land Bank
58%
Shoe Mart
50%
No matching quizzes found
Score Distribution
Percent of People with Each Score
Percentile by Number Answered
Your Score History
You have not taken this quiz